000
00227nam a22000857a 4500
008
161210b xxu||||| |||| 00| 0 eng d
100
_9
1967
_a
Aggarwal.V.P.etal.
245
_a
Biology Lab Manual-XI
260
_a
New Delhi
_b
S. Chand
_c
2011
999
_c
4763
_d
4763